[Event "22nd Oberwarter Open"]
[Site "Oberwart (Austria)"]
[Date "2000.07.13"]
[Round "6.16"]
[White "ZIMMERMAN, Yuri"]
[Black "SCHWANINGER, Wolfgang"]
[Result "1-0"]
[WhiteElo "2379"]
[BlackElo "2108"]
[PlyCount "53"]
[EventDate "2000.07.13"]

1. d4 Nf6 2. c4 e6 3. Nf3 d5 4. g3 Bb4+ 5. Bd2 Bxd2+ 6. Qxd2 Ne4 7. Qc2 O-O 8.
Bg2 f5 9. Nc3 c6 10. O-O Nd7 11. Rad1 Qe7 12. Nd2 Ndf6 13. Ndxe4 Nxe4 14. Nxe4
fxe4 15. f3 Qg5 16. fxe4 Qe3+ 17. Kh1 Rxf1+ 18. Rxf1 Qxd4 19. exd5 cxd5 20.
cxd5 exd5 21. Rd1 Qf2 22. Bxd5+ Kh8 23. Qe4 Bh3 24. Qf3 Qc5 25. g4 Rd8 26. e4
Qc2 27. Rg1 1-0

[Event "22nd Oberwarter Open"]
[Site "Oberwart (Austria)"]
[Date "2000.07.13"]
[Round "6.17"]
[White "OKHOTNYK, Vladimir"]
[Black "HOFBAUER, Peter"]
[Result "1-0"]
[WhiteElo "2510"]
[BlackElo "2052"]
[PlyCount "83"]
[EventDate "2000.07.13"]

1. d4 g6 2. e4 Bg7 3. Nc3 d6 4. Nf3 Bg4 5. Be2 Nd7 6. O-O e5 7. Bg5 Ngf6 8.
dxe5 dxe5 9. Bc4 c6 10. h3 Bxf3 11. Qxf3 O-O 12. Rfd1 Qc7 13. a4 a5 14. Rd2 h6
15. Bh4 Nh7 16. Be7 Ng5 17. Qd3 Nb6 18. Bxf8 Bxf8 19. Bb3 Re8 20. h4 Ne6 21.
Bxe6 Rxe6 22. Qd8 Re7 23. b3 Kg7 24. Rad1 Qxd8 25. Rxd8 Rc7 26. R8d3 h5 27. Nb1
Be7 28. g3 c5 29. c4 Kf8 30. Nc3 Ke8 31. Kg2 Rd7 32. Rxd7 Nxd7 33. Nb5 Kd8 34.
f3 Kc8 35. g4 Nb8 36. gxh5 gxh5 37. Nd6+ Bxd6 38. Rxd6 Nc6 39. Rh6 Kd7 40. Rxh5
Nd4 41. Rxe5 Nxb3 42. h5 {.} 1-0

[Event "22nd Oberwarter Open"]
[Site "Oberwart (Austria)"]
[Date "2000.07.13"]
[Round "6.18"]
[White "HANSEN, Kay"]
[Black "KOVACEVIC, Blazimir"]
[Result "1/2-1/2"]
[WhiteElo "2227"]
[BlackElo "2438"]
[PlyCount "73"]
[EventDate "2000.07.13"]

1. d4 d5 2. c4 Nc6 3. Nf3 Bg4 4. cxd5 Bxf3 5. dxc6 Bxc6 6. Nc3 e6 7. e4 Bb4 8.
f3 Qh4+ 9. g3 Qf6 10. Be3 O-O-O 11. Bd3 Ne7 12. Qe2 Ba5 13. Rf1 g5 14. f4 gxf4
15. Rxf4 Qg7 16. Qh5 f5 17. O-O-O e5 18. dxe5 Qxe5 19. Rxf5 Nxf5 20. Bf4 Qc5
21. Qxf5+ Qxf5 22. exf5 Bf3 23. Rd2 Bg4 24. Bg5 Rd7 25. Kc2 c6 26. Rf2 Bd8 27.
f6 Bh5 28. Bh6 Bb6 29. Rf1 Bc5 30. Ne4 Bf8 31. Bxf8 Rxf8 32. Nc5 Rd5 33. Ne6
Rf7 34. h4 Bg6 35. Bxg6 hxg6 36. Ng5 Rf8 37. Ne6 {.} 1/2-1/2

[Event "22nd Oberwarter Open"]
[Site "Oberwart (Austria)"]
[Date "2000.07.13"]
[Round "6.19"]
[White "SZIEBERT, Adam"]
[Black "RIEKE, Theo"]
[Result "0-1"]
[WhiteElo "2421"]
[BlackElo "2220"]
[PlyCount "50"]
[EventDate "2000.07.13"]

1. e4 e5 2. Nf3 Nc6 3. d4 exd4 4. Nxd4 Nf6 5. Nxc6 bxc6 6. e5 Qe7 7. Qe2 Nd5 8.
c4 Ba6 9. b3 O-O-O 10. g3 f6 11. Bb2 fxe5 12. Nd2 Nf6 13. Bxe5 Qf7 14. Bh3 Re8
15. O-O Kb8 16. f4 Bc5+ 17. Kh1 d6 18. Nf3 Qh5 19. Qg2 dxe5 20. g4 Qg6 21. Nxe5
Rxe5 22. fxe5 Ne4 23. Qe2 Bd4 24. Rae1 c5 25. Bg2 Ng3+ 0-1

[Event "22nd Oberwarter Open"]
[Site "Oberwart (Austria)"]
[Date "2000.07.13"]
[Round "6.20"]
[White "SEIFERT, Milan"]
[Black "RIAZANTSEV, Alexander"]
[Result "0-1"]
[WhiteElo "2218"]
[BlackElo "2418"]
[PlyCount "83"]
[EventDate "2000.07.13"]

1. e4 e6 2. d4 d5 3. Nd2 Nc6 4. Ngf3 Nf6 5. e5 Nd7 6. Bb5 a6 7. Bxc6 bxc6 8.
O-O c5 9. c3 cxd4 10. cxd4 Be7 11. Nb3 a5 12. Bd2 c6 13. Rc1 a4 14. Nc5 Nxc5
15. dxc5 O-O 16. Nd4 Qc7 17. Re1 Bd7 18. Rc3 f6 19. f4 fxe5 20. fxe5 Rf7 21. b4
axb3 22. axb3 Bh4 23. g3 Be7 24. b4 Ra2 25. Rc2 Ra3 26. Rc3 Ra2 27. Rc2 Ra8 28.
Rc3 Qa7 29. Rf3 Rxf3 30. Qxf3 Qa2 31. Qc3 Ra3 32. Qc2 Qxc2 33. Nxc2 Ra2 34. Rc1
d4 35. Bf4 g5 36. Nxd4 gxf4 37. gxf4 Rb2 38. Rc4 Kf7 39. h3 Bh4 40. Nc2 Bc8 41.
Rc3 Ba6 42. Kg2 0-1

[Event "22nd Oberwarter Open"]
[Site "Oberwart (Austria)"]
[Date "2000.07.13"]
[Round "6.21"]
[White "SANDHOEFNER, Florian"]
[Black "ZSINKA, Laszlo"]
[Result "0-1"]
[WhiteElo "2189"]
[BlackElo "2342"]
[PlyCount "102"]
[EventDate "2000.07.13"]

1. e4 e5 2. Nf3 Nc6 3. Bb5 a6 4. Ba4 g6 5. c3 d6 6. d4 Bd7 7. O-O Bg7 8. Be3
Nge7 9. Qd2 O-O 10. Bc2 Qe8 11. Bh6 Rd8 12. h3 f6 13. Bxg7 Kxg7 14. Nh2 g5 15.
Qe3 Ng6 16. Nd2 Nf4 17. Bd1 Qg6 18. Bg4 Bxg4 19. hxg4 exd4 20. cxd4 Nxd4 21. g3
Nc2 22. Qf3 Ne6 23. Rac1 Ncd4 24. Qd3 c5 25. Nhf3 h5 26. Nxd4 Nxd4 27. gxh5
Qxh5 28. Kg2 Rh8 29. Rh1 Qe2 30. Qxe2 Nxe2 31. Rxh8 Rxh8 32. Re1 Nd4 33. Nc4
Rd8 34. Nb6 Re8 35. g4 Kf7 36. f3 Rh8 37. Rd1 Ke6 38. a4 Ne2 39. Nc4 Nf4+ 40.
Kg1 b5 41. axb5 axb5 42. Ne3 Ra8 43. Nf5 Ra6 44. Rd2 Ng6 45. Kf2 Ne5 46. b3 c4
47. Nd4+ Kd7 48. Nxb5 cxb3 49. Kg3 Nc4 50. Rd1 b2 51. Rb1 Rb6 0-1

[Event "22nd Oberwarter Open"]
[Site "Oberwart (Austria)"]
[Date "2000.07.13"]
[Round "6.23"]
[White "STANETZEK, Carsten"]
[Black "SINGER, Richard"]
[Result "1/2-1/2"]
[WhiteElo "2168"]
[BlackElo "2337"]
[PlyCount "97"]
[EventDate "2000.07.13"]

1. e4 c6 2. d4 d5 3. exd5 cxd5 4. Bd3 Nc6 5. c3 e6 6. f4 f5 7. Nf3 Nf6 8. O-O
Be7 9. Qe2 O-O 10. Be3 Bd7 11. Ne5 Be8 12. Nd2 Bh5 13. Ndf3 Rc8 14. Nxc6 Rxc6
15. Qc2 Bxf3 16. Rxf3 a6 17. a4 Qc7 18. Kh1 Bd6 19. h3 h5 20. h4 Rb8 21. a5 Qd8
22. g3 Ne4 23. Kg2 Bc7 24. Qa4 Kf7 25. Bc1 Qd6 26. Bxe4 dxe4 27. Re3 Qd5 28.
Qa2 Qxa2 29. Rxa2 Rd8 30. b4 Rd5 31. Bd2 Ke8 32. Be1 Kd7 33. Ree2 Rc4 34. Kf2
Kc6 35. Ke3 Bd8 36. Ra3 Bf6 37. Rea2 Kb5 38. Ke2 Rc8 39. Ke3 Be7 40. Rb2 Bf6
41. Rba2 Rdd8 42. Rb2 g6 43. Rb1 Rd5 44. Ke2 Kc4 45. Ra4 Rb5 46. Ke3 Rd8 47.
Ra3 Rdd5 48. Ra4 Bd8 49. Rba1 {.} 1/2-1/2

[Event "22nd Oberwarter Open"]
[Site "Oberwart (Austria)"]
[Date "2000.07.13"]
[Round "6.25"]
[White "CSONKA, Attila"]
[Black "WINIWARTER, Felix"]
[Result "1-0"]
[WhiteElo "2310"]
[BlackElo "2164"]
[PlyCount "75"]
[EventDate "2000.07.13"]

1. e4 e6 2. d4 d5 3. Nd2 Nf6 4. e5 Nfd7 5. Bd3 c5 6. c3 Nc6 7. Ne2 Qb6 8. Nf3
cxd4 9. cxd4 f6 10. exf6 Nxf6 11. O-O Bd6 12. Bf4 Bxf4 13. Nxf4 Qxb2 14. Ng5
O-O 15. Rb1 Qxa2 16. Re1 Nxd4 17. Nh5 h6 18. Nxf6+ Rxf6 19. Bh7+ Kh8 20. Qxd4
hxg5 21. Bd3 b6 22. Re2 Qa3 23. Re3 Qc5 24. Qg4 Bd7 25. Qh5+ Rh6 26. Qxg5 Rf8
27. Qg3 a5 28. Re5 a4 29. Rg5 a3 30. Rf1 a2 31. Qe5 Qe7 32. Rg6 Rxg6 33. Bxg6
Qh4 34. g3 Qh6 35. Bd3 Ra8 36. Ra1 Qf6 37. Rxa2 Rxa2 38. Qb8+ 1-0

[Event "22nd Oberwarter Open"]
[Site "Oberwart (Austria)"]
[Date "2000.07.13"]
[Round "6.26"]
[White "WOHLFAHRT, Herbert"]
[Black "LEITNER, Kurt"]
[Result "1-0"]
[WhiteElo "2284"]
[BlackElo "2162"]
[PlyCount "92"]
[EventDate "2000.07.13"]

1. Nf3 c5 2. c4 Nc6 3. Nc3 Nf6 4. g3 d5 5. cxd5 Nxd5 6. Bg2 e5 7. Nxe5 Be6 8.
Nxc6 bxc6 9. d3 Be7 10. Bd2 O-O 11. O-O Rb8 12. b3 h5 13. Rc1 h4 14. Ne4 Nb4
15. Nxc5 hxg3 16. hxg3 Bd5 17. Bxd5 Nxd5 18. Kg2 Rb5 19. Ne4 f5 20. Nc3 Nxc3
21. Rxc3 f4 22. Bxf4 Rbf5 23. e4 Rxf4 24. gxf4 Rxf4 25. Qh5 Rh4 26. Qf5 Qd6 27.
Rh1 Rf4 28. Qc8+ Kf7 29. Qxc6 Rxf2+ 30. Kxf2 Qf4+ 31. Ke1 Qe3+ 32. Kd1 Qf3+ 33.
Kc2 Qxh1 34. Qd5+ Kg6 35. Qf5+ Kh6 36. Rc6+ Bf6 37. Rxf6+ gxf6 38. Qxf6+ Kh7
39. Qf2 a5 40. Qa7+ Kg8 41. Qxa5 Qf1 42. Qc3 Qf2+ 43. Qd2 Qc5+ 44. Kb1 Qd4 45.
a4 Qb6 46. Ka2 Qc5 {.} 1-0

[Event "22nd Oberwarter Open"]
[Site "Oberwart (Austria)"]
[Date "2000.07.13"]
[Round "6.27"]
[White "WALDMANN, Ivan"]
[Black "ARWANITAKIS, Michael"]
[Result "0-1"]
[WhiteElo "2278"]
[BlackElo "2156"]
[PlyCount "86"]
[EventDate "2000.07.13"]

1. e4 c5 2. Nf3 d6 3. d4 cxd4 4. Nxd4 Nf6 5. Nc3 a6 6. Bc4 e6 7. Bb3 Nbd7 8.
Be3 Nc5 9. Qf3 b5 10. O-O-O Bb7 11. Rhe1 Qa5 12. Qh3 Be7 13. f4 b4 14. Nb1
Nfxe4 15. Nd2 Rc8 16. Kb1 Nxd2+ 17. Bxd2 O-O 18. Nf5 Bf6 19. Nxd6 Nxb3 20. cxb3
Rc7 21. Nxb7 Rxb7 22. Qd3 Rd8 23. Qe2 Rbd7 24. Bc1 Qf5+ 25. Ka1 a5 26. g4 Qc5
27. g5 Bd4 28. Rf1 g6 29. h4 Rc8 30. h5 gxh5 31. Qxh5 Qc2 32. Qh1 Rdc7 33. Rfe1
Bf2 34. Rf1 Bd4 35. Rfe1 Bg7 36. Rf1 a4 37. bxa4 Qxa4 38. Qf3 Qc2 39. Qe3 Ra8
40. Rd3 Rac8 41. Rdd1 Ra8 42. Rd3 Qa4 43. a3 bxa3 0-1

[Event "22nd Oberwarter Open"]
[Site "Oberwart (Austria)"]
[Date "2000.07.13"]
[Round "6.28"]
[White "WALLNER, Joachim"]
[Black "ZSIFKOVITS, Robert"]
[Result "1-0"]
[WhiteElo "2272"]
[BlackElo "2132"]
[PlyCount "65"]
[EventDate "2000.07.13"]

1. e4 e6 2. d4 d5 3. Nd2 dxe4 4. Nxe4 Nd7 5. Nf3 Be7 6. Bd3 Ngf6 7. O-O Nxe4 8.
Bxe4 Nf6 9. Bd3 O-O 10. Qe2 b6 11. Bg5 Bb7 12. Rad1 Re8 13. c4 Nd7 14. Bf4 c5
15. dxc5 Bxc5 16. Ne5 Nxe5 17. Bxh7+ Kxh7 18. Rxd8 Nf3+ 19. gxf3 Raxd8 20. Rd1
Be7 21. Bc7 Rc8 22. Be5 Red8 23. Kg2 Kg8 24. Bc3 Bf8 25. Rxd8 Rxd8 26. h4 Bd6
27. h5 Bf4 28. b4 e5 29. c5 bxc5 30. bxc5 Bc8 31. c6 Rd6 32. Qb5 Kh7 33. Bxe5
1-0

[Event "22nd Oberwarter Open"]
[Site "Oberwart (Austria)"]
[Date "2000.07.13"]
[Round "6.29"]
[White "HAMBERGER, Hermann"]
[Black "SULYOK, Michael"]
[Result "1/2-1/2"]
[WhiteElo "2159"]
[BlackElo "2272"]
[PlyCount "21"]
[EventDate "2000.07.13"]

1. e4 g6 2. d4 Bg7 3. Nc3 d6 4. Be2 Nf6 5. h4 c5 6. dxc5 Qa5 7. Bd2 Qxc5 8. h5
gxh5 9. Nh3 Bg4 10. Nf4 Na6 11. f3 {.} 1/2-1/2

[Event "22nd Oberwarter Open"]
[Site "Oberwart (Austria)"]
[Date "2000.07.13"]
[Round "6.30"]
[White "PETROCZI, Thomas"]
[Black "LOEBLER, Heimo"]
[Result "1/2-1/2"]
[WhiteElo "2130"]
[BlackElo "2264"]
[PlyCount "32"]
[EventDate "2000.07.13"]

1. d4 Nf6 2. Nf3 g6 3. Bg5 Bg7 4. e3 O-O 5. Bd3 c5 6. c3 b6 7. Nbd2 Na6 8. O-O
Nc7 9. h3 Bb7 10. Re1 d6 11. e4 Qe8 12. Qe2 Nh5 13. Qe3 f6 14. Bh6 e5 15. Bc4+
Kh8 16. Bxg7+ Kxg7 {.} 1/2-1/2

[Event "22nd Oberwarter Open"]
[Site "Oberwart (Austria)"]
[Date "2000.07.13"]
[Round "6.31"]
[White "KLJAKO, Damir"]
[Black "SPOERK, Rainer"]
[Result "1-0"]
[WhiteElo "2258"]
[BlackElo "2050"]
[PlyCount "80"]
[EventDate "2000.07.13"]

1. d4 Nf6 2. Nf3 g6 3. Bg5 Bg7 4. Nbd2 d5 5. e3 O-O 6. Be2 c5 7. c3 Nbd7 8. h3
b6 9. O-O Bb7 10. a4 Re8 11. Bf4 e6 12. Ne5 Nxe5 13. Bxe5 Bf8 14. a5 Nd7 15.
Bb5 a6 16. Bxd7 Qxd7 17. axb6 Qb5 18. Qb3 cxd4 19. Qxb5 axb5 20. exd4 Ra4 21.
Rxa4 bxa4 22. Ra1 Ra8 23. b3 Bh6 24. f4 f6 25. Bc7 e5 26. g3 exd4 27. cxd4 a3
28. Nb1 Bf8 29. Nc3 Kf7 30. Kf2 Ke8 31. Na4 Kd7 32. Nc5+ Bxc5 33. dxc5 Kc6 34.
Bd6 f5 35. Ke3 a2 36. Kd4 Kb5 37. Kc3 Bc6 38. Kb2 Kb4 39. b7 Bxb7 40. c6+ Kb5
1-0

[Event "22nd Oberwarter Open"]
[Site "Oberwart (Austria)"]
[Date "2000.07.13"]
[Round "6.33"]
[White "WUKITS, Rene"]
[Black "FUCHS, Stefan"]
[Result "1-0"]
[WhiteElo "2347"]
[BlackElo "2123"]
[PlyCount "125"]
[EventDate "2000.07.13"]

1. d4 d5 2. c4 Bf5 3. cxd5 Bxb1 4. Qa4+ c6 5. Rxb1 Qxd5 6. f3 e5 7. dxe5 Qxe5
8. e4 Nf6 9. Be3 Bc5 10. Bxc5 Qxc5 11. Ne2 O-O 12. Qd4 Na6 13. Qxc5 Nxc5 14.
Rd1 Rfd8 15. Nc3 Rxd1+ 16. Kxd1 Rd8+ 17. Kc2 Ne6 18. Ne2 Nd7 19. Kc3 Ne5 20. h3
Kf8 21. Nc1 Nf4 22. Kc2 Ke7 23. Ne2 Nfd3 24. Nc3 Ne1+ 25. Kc1 N5d3+ 26. Bxd3
Nxd3+ 27. Kc2 Nf4 28. g3 Ne6 29. f4 Nd4+ 30. Kc1 Kd6 31. Rd1 Ke7 32. b3 b6 33.
Kb2 Nf3 34. Rxd8 Kxd8 35. Ne2 Nd2 36. Nc3 Nf1 37. g4 Nh2 38. Ne2 Nf3 39. g5 Nh4
40. Kc3 f6 41. gxf6 gxf6 42. Kd4 Ke7 43. Ke3 Ng6 44. Kf3 b5 45. Kg4 a6 46. b4
Kf7 47. Nd4 h5+ 48. Kxh5 Nxf4+ 49. Kg4 Nd3 50. Nxc6 Nf2+ 51. Kf5 Nxh3 52. Nb8
Nf2 53. Nxa6 Nd1 54. Nc7 Nc3 55. a3 Ke7 56. Nd5+ Nxd5 57. exd5 Kd6 58. Kxf6
Kxd5 59. Ke7 Kc6 60. Ke6 Kc7 61. Kd5 Kb6 62. Kd6 Ka6 63. Kc6 1-0

[Event "22nd Oberwarter Open"]
[Site "Oberwart (Austria)"]
[Date "2000.07.13"]
[Round "6.34"]
[White "KARNER, Christoph"]
[Black "LANTZSCH, Christian"]
[Result "1-0"]
[WhiteElo "2280"]
[BlackElo "2064"]
[PlyCount "103"]
[EventDate "2000.07.13"]

1. d4 Nf6 2. c4 e6 3. Nc3 d5 4. cxd5 exd5 5. Bg5 Be7 6. e3 c6 7. Bd3 Be6 8.
Nge2 Nbd7 9. Qc2 h6 10. Bh4 O-O 11. O-O Ne8 12. Bg3 Bd6 13. Rad1 h5 14. Bxd6
Nxd6 15. Nf4 Qe8 16. Nxh5 Bg4 17. Be2 Bf5 18. Qd2 Qe6 19. Ng3 Bh7 20. Rfe1 f5
21. f3 Rae8 22. Bd3 Nf6 23. b3 Re7 24. Na4 Rfe8 25. Nc5 Qf7 26. Bb1 Kh8 27. Nd3
Nd7 28. f4 Qf6 29. Ne5 Qh6 30. Rc1 Rc8 31. Qb4 Kg8 32. Nf1 Qf6 33. Nd2 Bg6 34.
Nxd7 Rxd7 35. Nf3 Nf7 36. Ne5 Rdc7 37. Qd2 Nxe5 38. fxe5 Qe6 39. b4 Bf7 40. Rf1
g6 41. g4 Kh8 42. Kh1 fxg4 43. Rf6 Qe7 44. Rcf1 Be8 45. Qf2 Kg7 46. Qh4 c5 47.
bxc5 Rc6 48. Rxg6+ Bxg6 49. Qxe7+ Kh6 50. Bxg6 Rxg6 51. Rf7 Rh8 52. Qh4# 1-0

[Event "22nd Oberwarter Open"]
[Site "Oberwart (Austria)"]
[Date "2000.07.13"]
[Round "6.35"]
[White "NIELSEN, Max"]
[Black "HUBER, Wolfgang"]
[Result "1/2-1/2"]
[WhiteElo "2250"]
[BlackElo "2109"]
[PlyCount "44"]
[EventDate "2000.07.13"]

1. e4 c6 2. d4 d5 3. e5 Bf5 4. Nc3 Qb6 5. Nf3 e6 6. Be2 Nd7 7. O-O Ne7 8. Na4
Qc7 9. b3 Ng6 10. Be3 b5 11. Nb2 a5 12. Nd2 h5 13. Bxh5 Ndxe5 14. dxe5 Qxe5 15.
Nf3 Qxb2 16. Nd4 Ne7 17. Be2 Rc8 18. Qd2 Qa3 19. c4 bxc4 20. bxc4 Qb4 21. a3
Qxd2 22. Bxd2 Ra8 {.} 1/2-1/2

[Event "22nd Oberwarter Open"]
[Site "Oberwart (Austria)"]
[Date "2000.07.14"]
[Round "7.1"]
[White "KRIVOSHEY, Sergei"]
[Black "SHARIYAZDANOV, Andrey"]
[Result "1/2-1/2"]
[WhiteElo "2429"]
[BlackElo "2582"]
[PlyCount "22"]
[EventDate "2000.07.14"]

1. d4 Nf6 2. c4 e6 3. Nf3 c5 4. d5 exd5 5. cxd5 d6 6. Nc3 g6 7. g3 Bg7 8. Bg2
O-O 9. O-O a6 10. a4 Nbd7 11. Nd2 Rb8 {.} 1/2-1/2

[Event "22nd Oberwarter Open"]
[Site "Oberwart (Austria)"]
[Date "2000.07.14"]
[Round "7.2"]
[White "RASHKOVSKY, Nukhim"]
[Black "DOBROV, Vladimir"]
[Result "1/2-1/2"]
[WhiteElo "2508"]
[BlackElo "2339"]
[Annotator "FRITZ 6"]
[PlyCount "91"]
[EventDate "2000.07.14"]

1. d4 Nf6 2. Nf3 g6 3. c3 Bg7 4. Bg5 d6 5. Nbd2 c5 6. dxc5 dxc5 7. e4 Nc6 8.
Bc4 O-O 9. Qe2 h6 10. Bh4 Nh5 11. Qe3 b6 12. O-O-O Qc7 13. Bg3 e5 14. Bd5 Bb7
15. Nc4 Rad8 16. Bxe5 Nxe5 17. Nfxe5 Bxe5 18. Nxe5 Bxd5 19. exd5 Rfe8 20. Rhe1
f6 21. d6 Qh7 (21... Rxd6 $17) 22. Nc6 Rxe3 23. Rxe3 Qd7 24. Nxd8 Qxd8 25. Re7
Ng7 26. Rxa7 h5 27. g3 g5 28. h3 Ne6 29. Re7 Nd4 30. cxd4 Qxd6 31. Ra7 cxd4 32.
Re1 Kf8 33. Ree7 Qc6+ 34. Kd2 Qf3 35. Red7 Qxf2+ 36. Kd3 Qxg3+ 37. Kxd4 Qf2+
38. Kd5 Qf5+ 39. Kd6 Qe5+ 40. Kc6 Qe4+ 41. Kxb6 Qb4+ 42. Kc6 Qc4+ 43. Kd6 Qd4+
44. Kc6 Qc4+ 45. Kd6 Qd4+ 46. Kc6 1/2-1/2

[Event "22nd Oberwarter Open"]
[Site "Oberwart (Austria)"]
[Date "2000.07.14"]
[Round "7.3"]
[White "ALMASI, Istvan"]
[Black "STANEC, Nikolaus"]
[Result "1/2-1/2"]
[WhiteElo "2429"]
[BlackElo "2484"]
[PlyCount "51"]
[EventDate "2000.07.14"]

1. d4 Nf6 2. Nf3 g6 3. g3 Bg7 4. Bg2 O-O 5. b3 d6 6. Bb2 c6 7. O-O a5 8. a4 Na6
9. Nbd2 Rb8 10. e4 Bg4 11. h3 Bxf3 12. Qxf3 Nd7 13. Nc4 Qc7 14. Qe2 Rfd8 15.
Qd2 Nb4 16. c3 Na6 17. Rfc1 e5 18. Ba3 Bf8 19. Rab1 Re8 20. b4 exd4 21. Qxd4 c5
22. Qd2 axb4 23. cxb4 Nxb4 24. Bxb4 cxb4 25. Ne3 Qa5 26. Qxb4 {.} 1/2-1/2

[Event "22nd Oberwarter Open"]
[Site "Oberwart (Austria)"]
[Date "2000.07.14"]
[Round "7.4"]
[White "RUCK, Robert"]
[Black "DVOIRYS, Semen"]
[Result "1-0"]
[WhiteElo "2489"]
[BlackElo "2562"]
[PlyCount "151"]
[EventDate "2000.07.14"]

1. Nf3 c5 2. c4 Nf6 3. Nc3 e6 4. g3 b6 5. Bg2 Bb7 6. O-O Be7 7. Re1 d6 8. e4 a6
9. d4 cxd4 10. Nxd4 Qc7 11. Be3 Nbd7 12. f4 Rc8 13. Rc1 Qb8 14. Qe2 Qa8 15. Bf2
O-O 16. g4 g6 17. g5 Nh5 18. Be3 Rfe8 19. f5 e5 20. Nf3 Bxe4 21. f6 Bf8 22.
Nxe4 Qxe4 23. Nd2 Qf5 24. Bb7 Nf4 25. Bxf4 exf4 26. Qg2 Ne5 27. Bxc8 Rxc8 28.
Rc3 Ng4 29. Qd5 Ne5 30. Qg2 h6 31. h4 Re8 32. Kh1 Rc8 33. Rf1 Rd8 34. Qe4 Qe6
35. Qxf4 d5 36. Re1 d4 37. Rg3 Qc6+ 38. Qe4 Qc7 39. Rg2 Nxc4 40. Nxc4 Qxc4 41.
h5 Qd5 42. Qxd5 Rxd5 43. Re8 d3 44. Rd2 Rxg5 45. Rxd3 Rxh5+ 46. Kg2 Rg5+ 47.
Kf2 Rf5+ 48. Rf3 Rd5 49. Ra8 a5 50. Rc3 Rf5+ 51. Kg3 Rg5+ 52. Kf4 Rf5+ 53. Ke3
Rxf6 54. Rcc8 h5 55. Rxf8+ Kg7 56. Rab8 Rf5 57. Rg8+ Kh7 58. a4 Rg5 59. Rgc8
Rg3+ 60. Kf4 Rg4+ 61. Ke5 Kh6 62. Rc7 Rxa4 63. Rxf7 Rb4 64. Rf6 Rxb2 65. Rbxb6
Rg2 66. Kf4 h4 67. Kf3 Rg3+ 68. Kf2 Rg4 69. Ra6 a4 70. Ra5 Re4 71. Kg2 a3 72.
Raa6 Kh5 73. Rxg6 a2 74. Rgf6 Re2+ 75. Rf2 h3+ 76. Kg3 1-0

[Event "22nd Oberwarter Open"]
[Site "Oberwart (Austria)"]
[Date "2000.07.14"]
[Round "7.5"]
[White "GAGARIN, Vasilij"]
[Black "EINGORN, Vereslav"]
[Result "1/2-1/2"]
[WhiteElo "2395"]
[BlackElo "2586"]
[PlyCount "63"]
[EventDate "2000.07.14"]

1. d4 e6 2. c4 Bb4+ 3. Bd2 a5 4. Nf3 Nf6 5. g3 d5 6. Qc2 c6 7. Bg2 Be7 8. O-O
Nbd7 9. Bg5 h6 10. Bxf6 Nxf6 11. Nbd2 O-O 12. e4 b6 13. Rac1 Bb7 14. Rfd1 Rc8
15. Ne5 Bb4 16. a3 Bxd2 17. Rxd2 Qe7 18. c5 bxc5 19. Qxc5 Qxc5 20. Rxc5 Nxe4
21. Bxe4 dxe4 22. Rxa5 Rfd8 23. Rc5 Rd5 24. Nc4 Rcd8 25. Rxd5 Rxd5 26. f3 exf3
27. b4 Ba6 28. Ne5 Bb5 29. Nxf3 f6 30. Kf2 g5 31. Ke3 Kf7 32. Rc2 {.} 1/2-1/2

[Event "22nd Oberwarter Open"]
[Site "Oberwart (Austria)"]
[Date "2000.07.14"]
[Round "7.7"]
[White "KUMMER, Helmut"]
[Black "BURMAKIN, Vladimir"]
[Result "1-0"]
[WhiteElo "2390"]
[BlackElo "2538"]
[Annotator "FM HELMUT KUMMER "]
[PlyCount "85"]
[EventDate "2000.07.14"]

1. d4 c6 2. Nf3 d5 3. c4 Nf6 4. Nc3 e6 5. Bg5 h6 6. Bh4 dxc4 7. e4 g5 8. Bg3 b5
9. Qc2 g4 10. Nd2 ({Nach} 10. Ne5 Qxd4 11. Be2 Bb4 12. O-O Bxc3 13. bxc3 Qxe4
14. Qd2 Nbd7 15. Rad1 {
besitzt Weiss nach Euwe Kompensation fuer das geopferte Material.}) 10... Nbd7
({Auf} 10... Qxd4 {haette ich} 11. O-O-O Qb6 12. Bxc4 $5 bxc4 13. Nxc4 Qa6 14.
Qd3 Nbd7 15. Bh4 Be7 16. Qd4 {mit Angriff fuer die geopferte Figur fortgesetzt.
}) 11. Be2 (11. Bh4 $5 Qb6 12. O-O-O {waere etwas besser gewesen.}) 11... Nh5
12. Bxg4 $6 Nxg3 13. hxg3 Nf6 14. Be2 Qxd4 15. O-O-O Qc5 ({Oder} 15... Qxf2 16.
Rhf1 Qd4 17. Nxc4 {mit guten Chancen fuer Weiss.}) 16. Rhe1 e5 ({Nach} 16...
Qxf2 $6 17. Rf1 Qd4 18. Nxc4 {
haette Weiss initiative fuer den geopferten Bauern.}) 17. f4 Rg8 18. fxe5 Ng4
$6 ({Schwarz verpasst die gewinntraechtige Fortsetzung} 18... Qxe5 $1 19. Nf3
Qxg3 20. e5 Qf4+ 21. Qd2 $19 {
wonach Weiss bei zwei Minusbauern zum Damentausch gezwungen gewesen waere.
})
19. Bxg4 Rxg4 ({Vorteilhaft fuer Schwarz war auch} 19... Bxg4 20. Nf3 Be6 21.
Nd4 Rxg3 22. Rf1 Qxe5 23. Nxc6 Qg5+ 24. Qd2 Rxg2 25. Qxg5 Rxg5 26. Nd5 Bxd5 27.
exd5) 20. Nf3 Be6 21. Nd4 Rg6 22. Nf5 Qxe5 23. Nd5 $5 Rg5 ({Nach} 23... cxd5 $6
24. exd5 Qf6 25. Qe4 Qg5+ 26. Kb1 {
haette Weiss starken Angriff fuer die geopferte Figur bekommen.}) ({und} 23...
Bxd5 $4 {verbot sich wegen} 24. exd5 Qxe1 25. Rxe1+ Kd7 26. Nd4 {
wonach Schwarz keine Kompensation fuer das geopferte Material besessen  haette.
}) 24. Qd2 $6 {Hier rechnete ich nur mit der Variante:} 24... Bg7 (24... cxd5
25. exd5 c3 $3 (25... Qxf5 26. dxe6 Be7 27. Qd7+ Kf8 28. Rf1 $13) 26. Qxg5 $8
cxb2+ 27. Kb1 Qxe1 28. Rxe1 hxg5 29. dxe6 fxe6 30. Rxe6+ Kf7 31. Re3 Re8 32.
Rxe8 Kxe8 33. Kxb2 Kd7 {und etwas besserem Spiel fuer Schwarz.}) 25. Nxg7+ Rxg7
26. Qxh6 {Droht 27. Sf6+ und anschliessendem 28. Dg7 und falls Schwarz mit 27.
... Kf8 antwortet, so folgt entscheidend Dh8+.} 26... Rxg3 (26... Qxg3 $2 27.
Re3 Qg5 28. Nc7+ Kf8 29. Qxg5 Rxg5 30. Nxa8 Rxg2 31. Ra3 $18) 27. Nc7+ $5 Qxc7
28. Qh8+ Ke7 29. Qxa8 Bc8 $5 30. Rd2 Rg8 31. Red1 c3 $6 ({
Schwarz sollte hier mit} 31... Re8 $5 32. Rd6 Bg4 33. Qxc6 Qxc6 34. Rxc6 Bxd1
35. Kxd1 Rg8 36. a4 Rxg2 37. axb5 Rxb2 38. Rxc4 Rxb5 39. Rc7+ Ke6 40. Rxa7 {
mit ausgeglichener Stellung fortfahren.}) 32. bxc3 Rg6 ({Erneut waere} 32...
Re8 $5 {, mit der gleichen Idee wie einen Zug davor, vorzuziehen gewesen.}) 33.
e5 Rg3 34. Rc2 ({Mit dem klar staerkeren} 34. Rd3 Rxd3 35. Rxd3 Be6 36. Rd2 {
konnte Weiss seinen Vorteil festhalten.}) 34... Rg4 ({Remischancen bot} 34...
Bf5 $5 {, z.B.} 35. Rf2 Qa5 36. Qb7+ Kf8 37. Rxf5 Qxc3+ 38. Kb1 Qb4+ 39. Ka1
Qc3+ 40. Kb1 Qb4+ 41. Ka1 Qc3+ 42. Kb1) 35. Rd6 (35. Rh1 {
haette eine interessante Moeglichkeit ergeben, z.B.} 35... Re4 36. Rf2 Qxe5 37.
Qxa7+ Bd7 38. Rxf7+ Kxf7 39. Qxd7+ Kf6 40. Qxc6+ Kg7 41. Qh6+ Kg8 42. Qg6+ Kf8
43. Rf1+ Rf4 44. Qh6+ {und leichtem Gewinn fuer Weiss, da er nach} 44... Kg8
45. Rxf4 Qe1+ 46. Kc2 Qe2+ 47. Kb3 Qd1+ 48. Kb4 Qa4+ 49. Kc5 Qa7+ 50. Qb6 Qe7+
51. Kxb5 Qe5+ 52. Qc5 Qb8+ 53. Kc6 Qc8+ 54. Kd5 {
den feindlichen Schachgeboten entkommt.}) 35... Rc4 36. Kb2 Rc5 $2 ({
Hartnaeckiger war} 36... Bf5 $5 {
, obgleich ebenfalls vorteilhaft fuer Weiss, war}) 37. Rcd2 Qa5 $4 {
Das letzte Eigentor, doch haette auch} (37... Rc4 38. Rd8 Qxd8 39. Rxd8 Kxd8
40. Qxa7 {und Weiss gewinnt, die Partie nicht mehr gerettet.}) 38. R6d3 ({
Die Partie sofort entschieden haette} 38. R2d3 Qc7 39. Rd8) 38... Qc7 39. Rd8
Qa5 $4 ({Unbedingt erforderlich war} 39... Qxe5 40. Qxa7+ Kf6 41. Rf2+ Bf5 {
doch waere auch hier der weisse Vorteil ausser Zweifel gestanden.}) 40. Re8+ $3
{Das kroenende Opfer.} ({Der Laeufer war wegen} 40. Qxc8 $4 Qxc3+ 41. Kb1 Qc1#)
(40. Rxc8 $4 Qxc3+ 41. Kb1 Qc1#) 40... Kxe8 {Motiv: Hinlenkung-e8. Es droht Dc3
} 41. Qxc8+ {Beseitigung einer Deckungsfigur:c8} 41... Ke7 42. Rd7+ Ke6 43.
Rxa7+ (43. Qe8+ Kf5 44. Qxf7+ Ke4 45. Rd4+ Kxe5 46. Qe7+ Kf5 47. g4+ Kg6 48.
Rd6#) (43. Rxa7+ Kxe5 44. Qh8+ Kd5 45. Qh5+ Kd6 46. Qh6+ Kd5 47. Rd7+ Ke4 48.
Rd4+ Ke5 49. Qd6+ Kf5 50. Rf4+ Kg5 51. Qf6+ Kh5 52. Rh4#) 1-0